000 01106nam0a22002531i 4500
001 rc\2165580
005 20240723113220.0
035 _a(NLR Aleph) 006641592
090 _a4699783
_c4699783
100 _a20110829d1978 |||y0rusy50 ca
101 0 _arus
102 _aRU
105 _ay d |||||
200 1 _aИсследование и разработка комплексного метода выбора рациональных пар ВВ-порода
_e(На прим. медноруд. месторождения г. Речк, ВНР)
_eАвтореф. дис. на соиск. учен. степени канд. техн. наук
_e(01.04.07)
_fАН СССР. Ин-т горн. дела им. А.А. Скочинского
210 _aМосква
_d1978
215 _a16 с.
_cграф.
320 _aСписок работ авт. в конце текста (5 назв.)
700 1 _aБохуш
_bГ.
_gГеза
801 0 _aRU
_bNLR
_gpsbo
801 1 _aRU
_bELAR
_2rusmarc
852 _aNLR
_j78-4/18250
899 _aRuMoRGB
_jДр 364/1971
899 _aRuMoRGB
_jДр 364/1972
942 _cBOOK